000 01681cab a22002175a 4500
001 L156180
008 120502e2012 xxk 000 0 eng d
035 _a(Sirsi) u156180
041 0 _aeng
110 2 _aBNP Paribas Real Estate
_95715
245 0 0 _aAt a glance main office markets in Western Europe
_bQ1 2012
_h[electronic resource]
260 _aParis
_bBNP Paribas
_c2012
490 0 _aBNP Paribas Real Estate at a Glance Main Office Markets in Western Europe
_vQ1 2012
520 _aEconomic downturn ends vacancy rate decline. The downward trend for office demand in the second half of 2011 was confirmed in early 2012. Q1 2012 saw weaker activity in most of the nine primary Western European office markets compared to the same period last year. Net absorption decreased due to the low level of completions in Q1 2012. Consequently the average vacancy rate across the markets stabilised after several consecutive quarterly declines. On a rolling year basis office investment in the nine markets gained momentum over the previous quarter.
520 _aGraphs: take-up; investment; prime rent and vacancy rate; prime yield. Charts: office take-up and prime rents; office take-up and prime rents; office supply and vacancy rate; office investment volume and prime yields; take-up; investment. Main office market indicators: occupier markets; investment markets.
590 _aKA
651 4 _aEurope
690 _aCommercial property
_96227
856 4 0 _uhttps://www.realestate.bnpparibas.com/bnppre/overview-economic-downturn-ends-vacancy-rate-decline-april-2012-p_1541041
_zView the report after creating an account (free) at www.realestate.bnpparibas.com
942 _n0
999 _c83962
_d83962